Comparison of interduced chinses radish varieties under dry season condition; ការប្រៀបធៀបពូជឆៃថាវនាំចេញនៅក្រោមលក្ខខណ្ឌរដូវប្រាំង (Record no. 10716)

000 -LEADER
fixed length control field 00562nam a22001337a 4500
040 ## - CATALOGING SOURCE
Transcribing agency RUA
082 ## - DEWEY DECIMAL CLASSIFICATION NUMBER
Classification number AGR SAI 2015 B521 Or.1
100 ## - MAIN ENTRY--AUTHOR NAME
Personal name SAING CHANDOEURN; សាំង ច័ន្ទដឿន
245 ## - TITLE STATEMENT
Title Comparison of interduced chinses radish varieties under dry season condition; ការប្រៀបធៀបពូជឆៃថាវនាំចេញនៅក្រោមលក្ខខណ្ឌរដូវប្រាំង
260 ## - PUBLICATION, DISTRIBUTION, ETC. (IMPRINT)
Place of publication Phnom penh
Name of publisher RUA
Year of publication 2015
300 ## - PHYSICAL DESCRIPTION
Number of Pages xiii; 39p;
Other physical details ill;
Dimensions 29cm;
856 ## - ELECTRONIC LOCATION AND ACCESS
Uniform Resource Identifier SAING CHANDOEURN
942 ## - ADDED ENTRY ELEMENTS (KOHA)
Koha item type AGR
952 ## - LOCATION AND ITEM INFORMATION (KOHA)
Withdrawn status [LOCAL, KOHA] 0
952 ## - LOCATION AND ITEM INFORMATION (KOHA)
Withdrawn status [LOCAL, KOHA] 0
952 ## - LOCATION AND ITEM INFORMATION (KOHA)
Withdrawn status [LOCAL, KOHA] 0
952 ## - LOCATION AND ITEM INFORMATION (KOHA)
Withdrawn status [LOCAL, KOHA] 0
952 ## - LOCATION AND ITEM INFORMATION (KOHA)
Withdrawn status [LOCAL, KOHA] 0
952 ## - LOCATION AND ITEM INFORMATION (KOHA)
Withdrawn status [LOCAL, KOHA] 0
952 ## - LOCATION AND ITEM INFORMATION (KOHA)
Withdrawn status [LOCAL, KOHA] 0
952 ## - LOCATION AND ITEM INFORMATION (KOHA)
Withdrawn status [LOCAL, KOHA] 0
Holdings
Permanent Location Date acquired Koha item type Lost status Shelving location Barcode Current Location Full call number
Library Block B2016-11-03AGR B521A01884Library Block BAGR SAI 2015 B521 Or.1
Library Block B2016-11-03AGR B521RUA061360Library Block BAGR SAI 2015 B521 Or.2
Library Block B2016-11-03AGR B521A01933Library Block BAGR SAI 2015 B521 Or.3
Library Block B2016-11-03AGR B521A01083Library Block BAGR SAI 2015 B521 Or.4
Library Block B2016-11-03AGR B521A00482Library Block BAGR SAI 2015 B521 Or.5
Library Block B2016-11-03AGR B521A00139Library Block BAGR SAI 2015 B521 Or.6
Library Block B2016-11-03AGR B521A00872Library Block BAGR SAI 2015 B521 Or.7
Library Block B2016-11-03AGR B521A00497Library Block BAGR SAI 2015 B521 Or.8
មជ្ឈមណ្ឌលឯការនៃសាកលវិទ្យាល័យភូមិន្ទកសិកម្មចំការដូង

Powered by Koha